Remedios heróicos (Record no. 27563)

MARC details
000 -LEADER
campo de control de longitud fija 00504nam a2200169 i 4500
001 - NÚMERO DE CONTROL
campo de control 27563
003 - IDENTIFICADOR DE NÚMERO DE CONTROL
campo de control ES-MaACL
005 - FECHA Y HORA DE LA ÚLTIMA TRANSACCIÓN
campo de control 20230906153640.0
007 - CAMPO FIJO DE DESCRIPCIÓN FÍSICA--INFORMACIÓN GENERAL
campo de control de longitud fija t|
008 - DATOS DE LONGITUD FIJA--INFORMACIÓN GENERAL
campo de control de longitud fija 030115q1923 sp ||||1| spa d
100 1# - ENTRADA PRINCIPAL--NOMBRE DE PERSONA
Nombre de persona Araquistáin, Luis,
Fechas asociadas al nombre 1886-1959
9 (RLIN) 22345
245 10 - MENCIÓN DEL TÍTULO
Título Remedios heróicos
Resto del título : drama en tres actos /
Mención de responsabilidad, etc. Luis Araquistáin.
260 ## - PUBLICACIÓN, DISTRIBUCIÓN, ETC.
Lugar de publicación, distribución, etc. Madrid :
Nombre del editor, distribuidor, etc. [s.n.,
Fecha de publicación, distribución, etc. 1923?] (
Fabricante G. Hernández y Galo Sèz)
300 ## - DESCRIPCIÓN FÍSICA
Extensión 171 p. ;
Dimensiones 20 cm.
852 ## - LOCALIZACIÓN
Ubicación ES-MaACL
Número de control de estantería F-12558
Holdings
Estatus retirado Estado de pérdida Estado de daño No para préstamo Biblioteca de origen Biblioteca actual Ubicación en estantería Fecha de adquisición Fuente de adquisición Total de préstamos Signatura topográfica completa Código de barras Visto por última vez Precio de reemplazo Tipo de ítem Koha
        Biblioteca del Ateneo de Madrid Biblioteca del Ateneo de Madrid Sala Pecera Planta 2 17/01/2008     F-12558 1028461 23/02/2023 23/02/2023 Libro impreso